Città italiane in francese - Statistics

Statistiche generali
  • Questo quiz è stato fatto 380 volte
    377 dall'ultimo reset
  • Il punteggio medio è 9 su 15
Statistiche sulle risposte
Italiano Francese % Corretto
Milano Milan
99%
Roma Rome
97%
Bologna Bologne
83%
Napoli Naples
81%
Torino Turin
79%
Firenze Florence
78%
Palermo Palerme
72%
Verona Vérone
71%
Messina Messine
70%
Venezia Venise
47%
Catania Catane
44%
Genova Gênes
43%
Padova Padoue
34%
Livorno Livourne
25%
Perugia Pérouse
20%
Nessun quiz corrispondente trovato
Distribuzione punteggi
Percentuale di utenti per punteggio
Percentile per numero di risposta
I tuoi punteggi nel tempo
Non hai fatto questo quiz dall'ultimo reset